[Event "Pardubice Open A"]
[Site "?"]
[Date "2015.07.26"]
[Round "3.68"]
[White "SZOTKOWSKI, Jakub"]
[Black "DRNOVSEK, Gal"]
[Result "1/2-1/2"]
[WhiteElo "2356"]
[BlackElo "2228"]
[PlyCount "110"]
[EventDate "2015.??.??"]
[WhiteClock "0:12:09"]
[BlackClock "0:01:21"]

1. d4 d5 2. c4 e6 3. Nf3 Nf6 4. g3 Be7 5. Bg2 O-O 6. O-O dxc4 7. Qc2 a6 8. Qxc4
b5 9. Qc2 Bb7 10. Bd2 Be4 11. Qc1 Nc6 12. Be3 Rc8 13. Rd1 Nd5 14. Nc3 Nxc3 15.
bxc3 Na5 16. Bf4 Nc4 17. a4 Qd5 18. Bf1 c5 19. Ng5 Bxg5 20. Bxg5 cxd4 21. Rxd4
Qb7 22. axb5 axb5 23. Qf4 f5 24. Qh4 h6 25. Bc1 e5 26. Rd1 Ra8 27. Rxa8 Rxa8
28. Rd8+ Kh7 29. Rxa8 Qxa8 30. f3 Bd5 31. Bh3 Kg6 32. Qe7 Qa1 33. Qe8+ Kf6 34.
Qd8+ Ke6 35. Qe8+ Kd6 36. Qd8+ Kc6 37. Qc8+ Kb6 38. Qd8+ Kc5 39. Qc7+ Bc6 40.
Qe7+ Kb6 41. Qd8+ Ka6 42. Qd1 Qxc3 43. Bxf5 Ka5 44. Kf2 b4 45. Bc2 Kb5 46. h4
Nb2 47. Bd3+ Ka5 48. Qd2 Nxd3+ 49. exd3 Qxd2+ 50. Bxd2 Ka4 51. f4 exf4 52. Bxf4
Ka3 53. Bd6 g6 54. Ke3 Ka4 55. Kd2 Bd5 1/2-1/2

[Event "Pardubice Open A"]
[Site "?"]
[Date "2015.07.26"]
[Round "3.69"]
[White "AHARON, Ofir"]
[Black "BEREZOVICS, Alexander"]
[Result "0-1"]
[WhiteElo "2355"]
[BlackElo "2226"]
[PlyCount "62"]
[EventDate "2015.??.??"]
[WhiteClock "0:00:38"]
[BlackClock "0:02:33"]

1. e4 d6 2. d4 g6 3. Nc3 Bg7 4. f4 Nc6 5. Be3 Nf6 6. Nf3 O-O 7. e5 dxe5 8. dxe5
Nh5 9. Bc4 Bh6 10. g3 Bh3 11. Qe2 Kh8 12. Ne4 f6 13. exf6 exf6 14. Rd1 Qc8 15.
Nf2 Re8 16. Nxh3 Qxh3 17. Kf2 Bf8 18. Qd2 Bd6 19. Qc3 Re7 20. Bf1 Qg4 21. Be2
Rae8 22. Rd3 Bb4 23. Qc4 Qc8 24. Nd4 Nxd4 25. Qxd4 c5 26. Qc4 b5 27. Qxb5 c4
28. Bxh5 cxd3 29. Qxb4 Rxe3 30. Bd1 dxc2 31. Qd4 Kg7 0-1

[Event "Pardubice Open A"]
[Site "?"]
[Date "2015.07.26"]
[Round "3.70"]
[White "GRIGORIAN, Spartak"]
[Black "FOLK, Petr"]
[Result "1/2-1/2"]
[WhiteElo "2351"]
[BlackElo "2217"]
[PlyCount "120"]
[EventDate "2015.??.??"]
[WhiteClock "0:17:52"]
[BlackClock "0:34:17"]

1. d4 Nf6 2. c4 g6 3. Nc3 Bg7 4. e4 d6 5. Be2 O-O 6. Be3 Na6 7. g4 e5 8. d5 Nc5
9. f3 a5 10. h4 h5 11. g5 Ne8 12. Nh3 c6 13. Nf2 Nc7 14. Qd2 cxd5 15. Bxc5 dxc5
16. exd5 Bf5 17. Nfe4 b6 18. O-O-O Ne8 19. Bd3 Bxe4 20. fxe4 Nd6 21. Rhg1 Ra7
22. Rdf1 Qd7 23. Rf3 Rb7 24. Bf1 Qe8 25. Qf2 Rc7 26. Kb1 Qe7 27. Be2 Qd7 28.
Qf1 Ra7 29. Rgg3 Rb8 30. Rf2 Rf8 31. Ka1 Rc7 32. Qd1 Ra7 33. Bf1 Qe7 34. Qe2
Rb8 35. Rgf3 Rf8 36. Bh3 Qe8 37. Rf1 Rc7 38. R1f2 Rb7 39. a4 Qe7 40. Kb1 Rbb8
41. Qf1 Rb7 42. b3 Ra7 43. Kc2 Rb7 44. Qe2 Ra7 45. Kd1 Rc7 46. Ke1 Ra7 47. Qf1
Raa8 48. Qg2 Qd8 49. Kf1 Rb8 50. Kg1 Rb7 51. Qf1 Qe7 52. Kh1 Ra7 53. Qd3 Rb7
54. Qb1 Kh7 55. Qd3 Rbb8 56. Qf1 Kg8 57. Qg2 Kh7 58. Qf1 Kg8 59. Kg1 Rbd8 60.
Qg2 Kh7 1/2-1/2

[Event "Pardubice Open A"]
[Site "?"]
[Date "2015.07.26"]
[Round "3.71"]
[White "KLECKER, Tadeas"]
[Black "GUTENEV, Alexander"]
[Result "1/2-1/2"]
[WhiteElo "2206"]
[BlackElo "2349"]
[PlyCount "94"]
[EventDate "2015.??.??"]
[WhiteClock "0:19:59"]
[BlackClock "0:07:36"]

1. d4 Nf6 2. c4 e6 3. Nf3 Bb4+ 4. Bd2 c5 5. Bxb4 cxb4 6. g3 b6 7. Bg2 Bb7 8.
O-O a5 9. a3 Na6 10. Nbd2 d6 11. Qc2 Qc7 12. Rfc1 O-O 13. Ng5 Bxg2 14. Kxg2 h6
15. Nge4 Nd7 16. f3 e5 17. e3 Rae8 18. Nf2 Re7 19. Qd3 Ndb8 20. Re1 Rfe8 21.
Qf1 Qd7 22. Nd3 exd4 23. exd4 Nc6 24. Rxe7 Rxe7 25. d5 Ne5 26. Nxe5 Rxe5 27. f4
Re7 28. Re1 bxa3 29. bxa3 Nc5 30. Nf3 Rxe1 31. Qxe1 Qa4 32. Qc3 Qd1 33. Qd2 Qa1
34. Nd4 Qb1 35. Nb5 Qe4+ 36. Kg1 Qxc4 37. Nxd6 Qb3 38. Nc8 Qb1+ 39. Kg2 Qe4+
40. Kg1 Qb1+ 41. Kg2 Qe4+ 42. Kg1 Kf8 43. d6 Ke8 44. Qb2 Qe1+ 45. Kg2 Qe4+ 46.
Kg1 Qe3+ 47. Kg2 Qe4+ 1/2-1/2

[Event "Pardubice Open A"]
[Site "?"]
[Date "2015.07.26"]
[Round "3.72"]
[White "WIEBE, Patrick"]
[Black "SORM, Daniel"]
[Result "0-1"]
[WhiteElo "2205"]
[BlackElo "2347"]
[PlyCount "56"]
[EventDate "2015.??.??"]
[WhiteClock "0:06:10"]
[BlackClock "0:02:21"]

1. c4 e5 2. g3 f5 3. Bg2 Nf6 4. d4 e4 5. f3 c6 6. Nh3 d5 7. O-O Be7 8. cxd5
exf3 9. Bxf3 Nxd5 10. Nc3 Nxc3 11. bxc3 O-O 12. Nf4 Kh8 13. e4 Na6 14. Rb1 Rb8
15. e5 g5 16. Ne2 Be6 17. Qa4 Nc7 18. Ba3 a6 19. Bxe7 Qxe7 20. Qa5 Nd5 21. Rf2
f4 22. Qc5 Qf7 23. Bxd5 Bxd5 24. Rbf1 Rg8 25. Nc1 Qh5 26. Ne2 b5 27. a4 Qg6 28.
axb5 Qe4 0-1

[Event "Pardubice Open A"]
[Site "?"]
[Date "2015.07.26"]
[Round "3.73"]
[White "SPALIR, Jernej"]
[Black "VARITSKI, Igor"]
[Result "1-0"]
[WhiteElo "2346"]
[BlackElo "2214"]
[PlyCount "91"]
[EventDate "2015.??.??"]
[WhiteClock "0:18:58"]
[BlackClock "0:03:49"]

1. d4 e6 2. c4 f5 3. g3 Nf6 4. Bg2 c6 5. Nf3 d5 6. O-O Bd6 7. Qc2 O-O 8. Nc3
Ne4 9. Rb1 Qe7 10. Bf4 Bxf4 11. gxf4 Bd7 12. b4 Be8 13. a4 a6 14. Rfc1 Bh5 15.
Ne5 Nd7 16. cxd5 cxd5 17. Nxe4 Nxe5 18. Ng3 Ng4 19. Nxh5 Qh4 20. Ng3 Qxh2+ 21.
Kf1 g5 22. Qc7 Kh8 23. Rb3 Rac8 24. Qxc8 Rxc8 25. Rxc8+ Kg7 26. e3 gxf4 27.
exf4 Qh6 28. Rbc3 Nf6 29. R8c7+ Kg6 30. Ne2 Ne4 31. Rh3 Qf8 32. Rcxh7 Nf6 33.
R3h6+ Qxh6 34. Rxh6+ Kxh6 35. a5 Kg7 36. Nc1 Kf7 37. Bf3 Nd7 38. Ke2 Ke7 39.
Nd3 Nb8 40. Ne5 Kd6 41. Bh5 Kc7 42. Be8 Kd8 43. Ba4 Kc7 44. Kf3 b5 45. axb6+
Kxb6 46. Nd7+ 1-0

[Event "Pardubice Open A"]
[Site "?"]
[Date "2015.07.26"]
[Round "3.74"]
[White "ROUS, Daniel"]
[Black "KOZUSEK, Daniel"]
[Result "1/2-1/2"]
[WhiteElo "2201"]
[BlackElo "2346"]
[PlyCount "38"]
[EventDate "2015.??.??"]
[WhiteClock "0:38:32"]
[BlackClock "0:28:44"]

1. Nf3 d5 2. c4 dxc4 3. e3 a6 4. Bxc4 e6 5. d4 Nf6 6. O-O Be7 7. Qe2 O-O 8. a3
b5 9. Ba2 c5 10. dxc5 Bxc5 11. b4 Be7 12. Bb2 Bb7 13. Rd1 Nbd7 14. Nbd2 Rc8 15.
Rac1 Rxc1 16. Rxc1 Qa8 17. Bb1 Rc8 18. Rxc8+ Qxc8 19. Qd3 Qd8 1/2-1/2

[Event "Pardubice Open A"]
[Site "?"]
[Date "2015.07.26"]
[Round "3.75"]
[White "KRENSING, Jan"]
[Black "DRORI, Saar"]
[Result "1-0"]
[WhiteElo "2344"]
[BlackElo "2203"]
[PlyCount "79"]
[EventDate "2015.??.??"]
[WhiteClock "0:00:59"]
[BlackClock "0:08:03"]

1. d4 Nf6 2. c4 c5 3. d5 e6 4. Nc3 exd5 5. cxd5 d6 6. Nf3 g6 7. Nd2 Bg7 8. e4
O-O 9. Be2 a6 10. a4 Re8 11. O-O Nbd7 12. Re1 b6 13. Bf1 Qc7 14. h3 Nh5 15. Nc4
Rb8 16. g4 Bxc3 17. bxc3 Nhf6 18. Bf4 Ne5 19. Nxe5 dxe5 20. Bg5 Nd7 21. d6 Qa7
22. Qf3 Nf8 23. Bh6 f5 24. exf5 Qf7 25. Qg3 e4 26. Bxf8 Kxf8 27. fxg6 hxg6 28.
Re3 Bb7 29. Bg2 Kg8 30. Rae1 Rbd8 31. Bxe4 Rxe4 32. Rxe4 Bxe4 33. Rxe4 Qd5 34.
Qe3 Qd1+ 35. Kg2 Qxd6 36. Re6 Qd5+ 37. Kg3 Qc4 38. Kh4 Rd7 39. Rxg6+ Kf7 40.
Qh6 1-0

[Event "Pardubice Open A"]
[Site "?"]
[Date "2015.07.26"]
[Round "3.76"]
[White "RUFF, Maximilian"]
[Black "UTIATSKAJA, Irina"]
[Result "1-0"]
[WhiteElo "2336"]
[BlackElo "2200"]
[PlyCount "73"]
[EventDate "2015.??.??"]
[WhiteClock "0:01:57"]
[BlackClock "0:00:54"]

1. d4 Nf6 2. c4 g6 3. Nc3 Bg7 4. e4 d6 5. Be2 O-O 6. Be3 e5 7. d5 c6 8. g4 cxd5
9. cxd5 a6 10. a4 Ne8 11. h4 h6 12. Qd2 Kh7 13. h5 g5 14. a5 Nd7 15. Na4 Nc7
16. Nh3 Nb5 17. Nb6 Nxb6 18. Bxb6 Qd7 19. Rc1 Bf6 20. O-O Bd8 21. Be3 Rb8 22.
f3 b6 23. Bxb5 Qxb5 24. Rc6 bxa5 25. Rxd6 Bd7 26. Kg2 f6 27. Rc1 Be7 28. Bc5
Rfc8 29. Rc6 Bxc5 30. R1xc5 Qxb2 31. Rc2 Qb4 32. Rxf6 Ba4 33. Ra2 Qb3 34. Nxg5+
hxg5 35. Qxg5 Qxa2+ 36. Kg3 Rc7 37. Rh6# 1-0

[Event "Pardubice Open A"]
[Site "?"]
[Date "2015.07.26"]
[Round "3.77"]
[White "SREEVES, Clement"]
[Black "LEHMANN, Holger"]
[Result "1-0"]
[WhiteElo "2333"]
[BlackElo "2180"]
[PlyCount "120"]
[EventDate "2015.??.??"]
[WhiteClock "0:10:16"]
[BlackClock "0:07:16"]

1. e4 c5 2. Nf3 d6 3. d4 cxd4 4. Nxd4 Nf6 5. Nc3 Bd7 6. Bg5 e6 7. Ndb5 Bc6 8.
Bxf6 gxf6 9. Qh5 a6 10. Nd4 Bd7 11. O-O-O Nc6 12. Nb3 b5 13. f4 b4 14. Ne2 Qc7
15. Ned4 Nxd4 16. Nxd4 Bg7 17. f5 e5 18. Ne6 Bxe6 19. fxe6 O-O 20. exf7+ Rxf7
21. b3 Re7 22. Bc4+ Kh8 23. Rd3 a5 24. Rhd1 a4 25. Rxd6 a3 26. R1d3 Rc8 27. Qf5
Rf8 28. R6d5 Qc8 29. Qxc8 Rxc8 30. Rd8+ Re8 31. Rxc8 Rxc8 32. Rd7 Re8 33. Bf7
Rb8 34. Kd2 Bf8 35. Be6 Rb6 36. Bd5 Rb8 37. Kd3 Rc8 38. Bc4 Rc6 39. c3 Rd6+ 40.
Rxd6 Bxd6 41. Be6 Kg7 42. Kc4 bxc3 43. Kxc3 Bc5 44. b4 Bd4+ 45. Kb3 Bb2 46. b5
Kf8 47. b6 Bd4 48. b7 Ba7 49. Kxa3 Ke7 50. Bg8 h6 51. Kb4 Kd6 52. Kb5 Kc7 53.
Bd5 Bg1 54. h3 h5 55. g3 Bf2 56. Ka6 Kb8 57. Bf7 Bxg3 58. Bxh5 Bf2 59. Bg4 Kc7
60. h4 Kb8 1-0

[Event "Pardubice Open A"]
[Site "?"]
[Date "2015.07.26"]
[Round "3.78"]
[White "PARAMZINA, Anastasya"]
[Black "HAVELKA, Jan"]
[Result "1-0"]
[WhiteElo "2328"]
[BlackElo "2178"]
[PlyCount "105"]
[EventDate "2015.??.??"]
[WhiteClock "0:16:18"]
[BlackClock "0:11:28"]

1. e4 e6 2. d4 c5 3. Nf3 cxd4 4. Nxd4 a6 5. Nc3 Qc7 6. a3 Nf6 7. Be3 b5 8. Bd3
Bb7 9. O-O Nc6 10. Kh1 h5 11. f3 Nxd4 12. Bxd4 Bd6 13. Bg1 h4 14. a4 Nh5 15.
Ne2 bxa4 16. Rxa4 Ng3+ 17. Nxg3 hxg3 18. h3 Bf4 19. Qe2 Qe5 20. Rfa1 O-O 21.
Bd4 Qg5 22. Bxa6 Bxa6 23. Rxa6 Rxa6 24. Rxa6 Be5 25. Be3 Bf4 26. Bg1 Rb8 27. c3
Qb5 28. Qxb5 Rxb5 29. b4 Bd2 30. Ra8+ Kh7 31. Ra5 Rb8 32. Bd4 d6 33. e5 Rd8 34.
Ra2 Be1 35. Bb6 Rd7 36. Ra7 Rxa7 37. Bxa7 dxe5 38. c4 Bxb4 39. c5 Kg6 40. c6
Bd6 41. Bb6 f5 42. c7 Bxc7 43. Bxc7 Kf6 44. f4 exf4 45. Bxf4 g5 46. Bxg3 f4 47.
Be1 g4 48. h4 g3 49. Bc3+ Kg6 50. Kg1 Kh5 51. Be5 f3 52. gxf3 Kxh4 53. Kg2 1-0

[Event "Pardubice Open A"]
[Site "?"]
[Date "2015.07.26"]
[Round "3.79"]
[White "RJABZEV, Konstantin"]
[Black "KOWALCZYK, Rafal"]
[Result "1/2-1/2"]
[WhiteElo "2314"]
[BlackElo "2158"]
[PlyCount "56"]
[EventDate "2015.??.??"]
[WhiteClock "0:54:06"]
[BlackClock "0:08:18"]

1. e4 e5 2. Nf3 Nc6 3. Bc4 Bc5 4. Nc3 Nf6 5. d3 d6 6. Bg5 h6 7. Bxf6 Qxf6 8.
Nd5 Qd8 9. c3 Ne7 10. d4 exd4 11. cxd4 Bb6 12. Nxb6 axb6 13. Qb3 O-O 14. h3 c6
15. O-O b5 16. Bd3 Be6 17. d5 Bd7 18. dxc6 bxc6 19. Qb4 c5 20. Qd2 Ng6 21. Rfe1
Qf6 22. e5 Nxe5 23. Nxe5 dxe5 24. Bh7+ Kxh7 25. Qxd7 e4 26. Qxb5 Rab8 27. Qxc5
Rxb2 28. Rxe4 Rc8 1/2-1/2

[Event "Pardubice Open A"]
[Site "?"]
[Date "2015.07.26"]
[Round "3.80"]
[White "WOZNIAK, Mariola"]
[Black "SABOL, Marian"]
[Result "0-1"]
[WhiteElo "2199"]
[BlackElo "2312"]
[PlyCount "70"]
[EventDate "2015.??.??"]
[WhiteClock "0:09:06"]
[BlackClock "0:34:51"]

1. e4 c6 2. d4 d5 3. Nc3 g6 4. e5 b6 5. Nf3 Na6 6. a3 Nc7 7. Bd3 Nh6 8. h3 Nf5
9. g4 Ng7 10. Ne2 h5 11. Rg1 Be6 12. Nf4 hxg4 13. hxg4 Qd7 14. Ng5 c5 15. Qf3
O-O-O 16. Nfxe6 Ngxe6 17. Nxf7 Nxd4 18. Qe3 Bg7 19. Nxd8 Rxd8 20. Bxg6 Bxe5 21.
c3 Nc6 22. Qe2 Qd6 23. Bb1 d4 24. Bd2 dxc3 25. Bxc3 Bxc3+ 26. bxc3 Qh2 27. Kf1
Qh3+ 28. Rg2 Qxc3 29. Bf5+ e6 30. Bxe6+ Kb8 31. Re1 Nd4 32. Qc4 Qh3 33. Re3 Nf3
34. Rd3 Qh1+ 35. Ke2 Nd4+ 0-1

[Event "Pardubice Open A"]
[Site "?"]
[Date "2015.07.26"]
[Round "3.81"]
[White "DOVZHENKO, Viktor"]
[Black "KOCHETKOVA, Julia"]
[Result "0-1"]
[WhiteElo "2189"]
[BlackElo "2309"]
[PlyCount "156"]
[EventDate "2015.??.??"]
[WhiteClock "0:01:17"]
[BlackClock "0:16:51"]

1. e4 d6 2. d4 Nf6 3. Nc3 Nbd7 4. Nf3 e5 5. g4 Nxg4 6. Rg1 Ngf6 7. Bc4 exd4 8.
Qxd4 Nb6 9. Bb3 Be6 10. Nd5 Bxd5 11. exd5 Qe7+ 12. Kd1 Qd7 13. Qe3+ Be7 14.
Rxg7 Nfxd5 15. Qd3 Bf6 16. Rg3 c6 17. a4 a5 18. c4 Ne7 19. Be3 Qc7 20. Bg5 Bxg5
21. Nxg5 h6 22. Qc3 Rg8 23. Ne4 O-O-O 24. Qxa5 Rxg3 25. hxg3 d5 26. cxd5 Nexd5
27. Kc2 Qe5 28. Nc5 Qf5+ 29. Kc1 Qxf2 30. Kb1 Qd4 31. Ka2 Nb4+ 32. Ka3 Nc2+ 33.
Ka2 Nb4+ 34. Ka3 Nc4+ 35. Bxc4 Nc2+ 36. Ka2 Qxc4+ 37. b3 Qe2 38. Qa8+ Kc7 39.
Qxb7+ Kd6 40. Ne4+ Qxe4 41. Rd1+ Nd4 42. Qb4+ c5 43. Qb6+ Kd7 44. Ka3 Qe6 45.
Qb5+ Qc6 46. Qc4 Ke8 47. Re1+ Ne6 48. Qh4 Qd6 49. Qc4 Rb8 50. Re3 Rb4 51. Qc3
Rd4 52. a5 Kf8 53. Rf3 Nc7 54. Kb2 Nb5 55. Qe3 c4 56. bxc4 Rd2+ 57. Kc1 Rd1+
58. Kc2 Ra1 59. cxb5 Qd1+ 60. Kb2 Qb1+ 61. Kc3 Ra3+ 62. Kc4 Qc2+ 63. Qc3 Qe4+
64. Kc5 Rxc3+ 65. Rxc3 Ke7 66. Rc4 Qe3+ 67. Kb4 Qd2+ 68. Rc3 Kd6 69. Kb3 Qd1+
70. Ka3 Kd5 71. b6 Qa1+ 72. Kb4 Qb2+ 73. Rb3 Qd2+ 74. Kb5 Qe2+ 75. Ka4 Kc4 76.
a6 Qa2+ 77. Ra3 Qc2+ 78. Ka5 Qd2+ 0-1

[Event "Pardubice Open A"]
[Site "?"]
[Date "2015.07.26"]
[Round "3.82"]
[White "VYKOUK, Jan"]
[Black "POPOV, Mikhail"]
[Result "1-0"]
[WhiteElo "2182"]
[BlackElo "2308"]
[PlyCount "59"]
[EventDate "2015.??.??"]
[WhiteClock "0:38:44"]
[BlackClock "0:16:54"]

1. e4 c5 2. Nf3 d6 3. d4 cxd4 4. Nxd4 Nf6 5. Nc3 a6 6. Bg5 Nbd7 7. Bc4 Qb6 8.
Bb3 e6 9. Qd2 Be7 10. O-O-O O-O 11. f4 Qc7 12. Bxe6 fxe6 13. Nxe6 Qc4 14. Nxf8
Bxf8 15. Rhe1 h6 16. Bxf6 Nxf6 17. e5 dxe5 18. fxe5 Nh7 19. Qd8 Ng5 20. Rf1 Ne6
21. Qe8 Qc6 22. Rd8 Qxg2 23. Rxf8+ Nxf8 24. Qxf8+ Kh7 25. Qf4 Qg1+ 26. Nd1 Qg6
27. h4 h5 28. Qf8 Qg4 29. Qg8+ Kg6 30. Rd6+ 1-0

[Event "Pardubice Open A"]
[Site "Pardubice (CZE)"]
[Date "2015.07.26"]
[Round "3.83"]
[White "VOLODIN, Viktor"]
[Black "PALCHUN, Grigory"]
[Result "0-1"]
[WhiteElo "2158"]
[BlackElo "2306"]
[PlyCount "130"]
[EventDate "2015.07.24"]

1. Nf3 Nf6 2. c4 e6 3. g3 b6 4. Bg2 Bb7 5. d4 Be7 6. Nc3 d5 7. cxd5 exd5 8. O-O
O-O 9. Bf4 c6 10. Ne5 Nbd7 11. Rc1 Nxe5 12. Bxe5 Re8 13. Qc2 Nd7 14. Bf4 Nf8
15. Rcd1 Ne6 16. Bc1 Bf6 17. e3 Qe7 18. Qa4 a5 19. h4 Rac8 20. a3 Ba6 21. Rfe1
Bc4 22. Bd2 Qc7 23. Qc2 Red8 24. b3 Ba6 25. Qf5 Qe7 26. Ra1 g6 27. Qc2 Bb7 28.
Na4 Qc7 29. Nc3 c5 30. dxc5 Nxc5 31. Nb5 Qd7 32. Nd4 Ba6 33. Qa2 Nd3 34. Red1
Rc7 35. Qb1 Rdc8 36. Ra2 Ne5 37. Nf3 Be2 38. Nxe5 Bxe5 39. Re1 Bg4 40. e4 d4
41. Qd3 Be6 42. f4 Bg7 43. e5 Rc3 44. Bxc3 Rxc3 45. Qe4 Rxg3 46. Kh2 Rxb3 47.
Rd2 Qe7 48. Rxd4 Qxh4+ 49. Kg1 Bf8 50. f5 Qxe4 51. Rdxe4 Bxf5 52. R4e2 Rxa3 53.
Bd5 Bg4 54. Rc2 Bc5+ 55. Kg2 Kg7 56. Rc4 Bf5 57. Rcc1 Rd3 58. Rcd1 Rxd1 59.
Rxd1 a4 60. Kf3 a3 61. Bc4 h5 62. Kf4 h4 63. Rd2 h3 64. Kg3 Bg1 65. Ra2 h2 0-1

[Event "Pardubice Open A"]
[Site "Pardubice (CZE)"]
[Date "2015.07.26"]
[Round "3.84"]
[White "VAFIADIS, Kleanthis"]
[Black "MITUROVA, Magdalena"]
[Result "0-1"]
[WhiteElo "2301"]
[BlackElo "2149"]
[PlyCount "153"]
[EventDate "2015.07.24"]

1. d4 Nf6 2. Bg5 Ne4 3. Bf4 d5 4. e3 g6 5. Bd3 Bg7 6. Nd2 Nxd2 7. Qxd2 c5 8. c3
cxd4 9. exd4 Nc6 10. Bh6 Bf6 11. Nf3 Bg4 12. Qf4 Qd7 13. O-O Bf5 14. Bb5 Be4
15. Nd2 Bf5 16. Nb3 Qd6 17. Qd2 Rc8 18. Rfe1 b6 19. a4 a5 20. Rad1 g5 21. Bxg5
Bxg5 22. Qxg5 Bc2 23. Rd2 Bxb3 24. Rde2 Kf8 25. Bxc6 Rxc6 26. Rxe7 Qg6 27. Qe5
Rf6 28. Rb7 Qf5 29. Qxf5 Rxf5 30. Rxb6 Bxa4 31. Re3 Rg5 32. Ra6 Kg7 33. Rxa5
Bb3 34. h4 Rg6 35. Rb5 Bc4 36. Rb7 Ba6 37. Rd7 Bc4 38. h5 Rg5 39. h6+ Kg6 40.
Rb7 Ra8 41. Rb6+ f6 42. Re1 Ra6 43. Rxa6 Bxa6 44. b3 Rh5 45. f3 Rxh6 46. Re6
Bd3 47. g4 Kg5 48. Kg2 Kf4 49. Re7 f5 50. gxf5 Bxf5 51. c4 Rb6 52. Re5 dxc4 53.
bxc4 Rb2+ 54. Kg1 Rd2 55. Rd5 Be6 56. Rh5 Kg3 57. Kf1 Bxc4+ 58. Ke1 Re2+ 59.
Kd1 Rh2 60. Rc5 Bb3+ 61. Ke1 Kf4 62. Kf1 Rh3 63. Rc7 Bd5 64. Kg2 Rg3+ 65. Kh2
h5 66. Rd7 Rg5 67. Rd6 Kxf3 68. Kh3 Be4 69. Kh4 Kf4 70. Kh3 Rd5 71. Rf6+ Ke3
72. Kh4 Bf3 73. Kg3 Bg4 74. Kh4 Kxd4 75. Rf8 Ke4 76. Rb8 Rd3 77. Rb4+ 0-1

[Event "Pardubice Open A"]
[Site "Pardubice (CZE)"]
[Date "2015.07.26"]
[Round "3.86"]
[White "ALEXIADIS, Hristos"]
[Black "VOKOUN, Jan"]
[Result "1-0"]
[WhiteElo "2296"]
[BlackElo "2140"]
[PlyCount "63"]
[EventDate "2015.07.24"]

1. d4 Nf6 2. Nc3 d5 3. Bf4 a6 4. e3 e6 5. Nf3 c5 6. dxc5 Bxc5 7. Bd3 Nc6 8. Qe2
Nb4 9. g4 h6 10. O-O-O Qa5 11. Kb1 Bd7 12. a3 Nxd3 13. Rxd3 Be7 14. Ne5 Bc6 15.
h4 Rc8 16. Rhd1 Bb5 17. Nxb5 Qxb5 18. Qe1 Qa4 19. Rb3 O-O 20. Rd4 Qe8 21. Rxb7
Ne4 22. g5 hxg5 23. hxg5 Nd6 24. Rb3 Nc4 25. Ng4 Qd8 26. e4 Bxg5 27. exd5 Bxf4
28. Rxf4 Re8 29. Rg3 Re7 30. Nf6+ Kf8 31. Rxg7 Kxg7 32. Qg1+ 1-0

[Event "Pardubice Open A"]
[Site "Pardubice (CZE)"]
[Date "2015.07.26"]
[Round "3.87"]
[White "MANN, Johannes"]
[Black "WALTER, Florian"]
[Result "0-1"]
[WhiteElo "2295"]
[BlackElo "2140"]
[PlyCount "60"]
[EventDate "2015.07.24"]

1. d4 d5 2. c4 e6 3. Nf3 Nf6 4. g3 c6 5. Bg2 Bd6 6. O-O O-O 7. b3 Nbd7 8. Bb2
b5 9. Nbd2 bxc4 10. bxc4 Rb8 11. Qc2 Ba6 12. Rfb1 c5 13. Qa4 Qc8 14. Ba3 Nb6
15. Qa5 Nxc4 16. Nxc4 Bxc4 17. dxc5 Bc7 18. Qc3 Ne4 19. Qe3 Qa6 20. Nd4 Be5 21.
Rd1 f5 22. f3 f4 23. Qc1 Bxe2 24. Nxe2 Qxe2 25. fxe4 fxg3 26. Qg5 Rf2 27. Bh3
Rxh2 28. Rd2 Bd4+ 29. Rxd4 Rh1+ 30. Kxh1 Qh2# 0-1

[Event "Pardubice Open A"]
[Site "Pardubice (CZE)"]
[Date "2015.07.26"]
[Round "3.88"]
[White "KULA, Dominik"]
[Black "MACHAN, Jan"]
[Result "1/2-1/2"]
[WhiteElo "2145"]
[BlackElo "2286"]
[PlyCount "100"]
[EventDate "2015.07.24"]

1. e4 e6 2. d4 d5 3. Nc3 Nf6 4. e5 Nfd7 5. f4 c5 6. Nf3 Nc6 7. Be3 a6 8. Qd2 b5
9. a3 Bb7 10. Be2 Qb6 11. O-O cxd4 12. Nxd4 Bc5 13. Rad1 O-O 14. Bf2 Nxd4 15.
Bxd4 Rac8 16. Bf3 Bxd4+ 17. Qxd4 Rc4 18. Qxb6 Nxb6 19. Be2 Rc5 20. Bd3 Nc4 21.
Bxc4 Rxc4 22. Rd2 Rfc8 23. Rff2 b4 24. axb4 Rxb4 25. Nd1 a5 26. c3 Re4 27. Rd4
Rc4 28. Rxe4 Rxe4 29. g3 f6 30. exf6 gxf6 31. Rd2 Re1+ 32. Kf2 Rh1 33. h4 e5
34. fxe5 fxe5 35. Ne3 Kf7 36. Nf1 Ke6 37. b3 Ba6 38. Ne3 Rh2+ 39. Ke1 Rh1+ 40.
Kf2 Bb7 41. Nf1 Ba6 42. Ne3 Rh2+ 43. Ke1 Rxd2 44. Kxd2 d4 45. cxd4 exd4 46. Nc2
Ke5 47. g4 Bc8 48. Kd3 Ba6+ 49. Kd2 Bc8 50. Kd3 Ba6+ 1/2-1/2

[Event "Pardubice Open A"]
[Site "Pardubice (CZE)"]
[Date "2015.07.26"]
[Round "3.89"]
[White "GIANNOULAKIS, Labros"]
[Black "GUNGL, Theo"]
[Result "1/2-1/2"]
[WhiteElo "2283"]
[BlackElo "2131"]
[PlyCount "54"]
[EventDate "2015.07.24"]

1. d4 d5 2. c4 c6 3. Nf3 Nf6 4. e3 e6 5. Nbd2 Nbd7 6. Bd3 b6 7. O-O Bb7 8. Qe2
Be7 9. e4 dxe4 10. Nxe4 Nxe4 11. Bxe4 Nf6 12. Bc2 Qc7 13. Bg5 h6 14. Bh4 Rd8
15. Rad1 O-O 16. Rfe1 Rfe8 17. Bg3 Qc8 18. Ne5 c5 19. dxc5 Bxc5 20. Bh4 Be7 21.
Ba4 Rxd1 22. Rxd1 Rd8 23. Nd7 g5 24. Nxf6+ Bxf6 25. Rxd8+ Qxd8 26. Bg3 Qd4 27.
Bb8 a6 1/2-1/2

[Event "Pardubice Open A"]
[Site "Pardubice (CZE)"]
[Date "2015.07.26"]
[Round "3.90"]
[White "OKUN, Leonid"]
[Black "VEZZANI, Stefano"]
[Result "1-0"]
[WhiteElo "2277"]
[BlackElo "2129"]
[PlyCount "73"]
[EventDate "2015.07.24"]

1. e4 d6 2. d4 Nf6 3. Nc3 e5 4. Nf3 exd4 5. Nxd4 Be7 6. Bd3 Nc6 7. Nxc6 bxc6 8.
O-O O-O 9. f4 d5 10. e5 Bc5+ 11. Kh1 Ng4 12. Qe1 f5 13. h3 Nh6 14. Na4 Bb6 15.
b3 Qe7 16. Be3 Nf7 17. c4 d4 18. Bd2 c5 19. b4 cxb4 20. c5 Ba5 21. a3 c6 22.
axb4 Bc7 23. Nb2 g5 24. Nc4 gxf4 25. Bxf4 Kh8 26. Qf2 Be6 27. Qxd4 Ng5 28. Nd6
Qg7 29. Bxg5 Qxg5 30. Bc4 Qg6 31. Ra6 Rg8 32. Rf2 Bxc4 33. Qxc4 Qg3 34. Nf7+
Kg7 35. Rxf5 Qe1+ 36. Rf1 Qg3 37. Qe6 1-0

[Event "Pardubice Open A"]
[Site "?"]
[Date "2015.07.27"]
[Round "4.1"]
[White "VALSECCHI, Alessio"]
[Black "LAZNICKA, Viktor"]
[Result "0-1"]
[WhiteElo "2457"]
[BlackElo "2657"]
[PlyCount "54"]
[EventDate "2015.??.??"]
[WhiteClock "0:09:03"]
[BlackClock "0:05:29"]

1. e4 c5 2. Nf3 d6 3. d4 cxd4 4. Nxd4 Nf6 5. Nc3 a6 6. Bg5 Nbd7 7. f4 Qb6 8.
Qd2 e5 9. Nb3 h6 10. fxe5 dxe5 11. Be3 Qc7 12. Nd5 Nxd5 13. exd5 Bd6 14. Be2 a5
15. a4 O-O 16. g4 Nf6 17. O-O-O Bd7 18. Rdf1 Bxa4 19. Bxh6 Bxb3 20. Bd3 Rfc8
21. Rxf6 gxf6 22. Qf2 Bf8 23. Bxf8 Kxf8 24. Qxf6 Ra6 25. Qh8+ Ke7 26. Qh4+ Rf6
27. g5 Rf4 0-1

[Event "Pardubice Open A"]
[Site "?"]
[Date "2015.07.27"]
[Round "4.2"]
[White "WESTERBERG, Jonathan"]
[Black "PREDKE, Alexandr"]
[Result "1/2-1/2"]
[WhiteElo "2452"]
[BlackElo "2537"]
[PlyCount "85"]
[EventDate "2015.??.??"]
[WhiteClock "0:15:42"]
[BlackClock "0:01:44"]

1. e4 e5 2. Nf3 Nc6 3. Bc4 Bc5 4. c3 Nf6 5. d4 exd4 6. cxd4 Bb4+ 7. Bd2 Nxe4 8.
Bxb4 Nxb4 9. Bxf7+ Kxf7 10. Qb3+ Kf8 11. Qxb4+ Qe7 12. Qxe7+ Kxe7 13. O-O Kd8
14. Re1 Nf6 15. Nc3 d6 16. d5 Bd7 17. Nd4 c6 18. Ne6+ Bxe6 19. Rxe6 Kd7 20.
Rae1 Rhe8 21. Rxe8 Nxe8 22. dxc6+ bxc6 23. Re4 d5 24. Ra4 Nc7 25. Kf1 a6 26.
Rh4 h6 27. Na4 Rb8 28. Rh3 Ne6 29. Rf3 Ke7 30. Ke1 Rb4 31. b3 Rh4 32. h3 Rd4
33. g3 Ng5 34. Re3+ Kd6 35. h4 Ne4 36. Nc3 Nxc3 37. Rxc3 a5 38. Rf3 c5 39. Rf8
c4 40. bxc4 dxc4 41. Rc8 Kd7 42. Rc5 Kd6 43. Rc8 1/2-1/2